Catálogo

Vista normal Vista MARC

Entrada Personal Name

Número de registros utilizados en: 1

001 - CONTROL NUMBER

  • control field: 17378

003 - CONTROL NUMBER IDENTIFIER

  • control field: DLC

005 - DATE AND TIME OF LATEST TRANSACTION

  • control field: 20250820151825.0

008 - FIXED-LENGTH DATA ELEMENTS

  • fixed length control field: 800522n| azannaabn |n aaa

010 ## - LIBRARY OF CONGRESS CONTROL NUMBER

  • LC control number: n 79103742

035 ## - SYSTEM CONTROL NUMBER

  • System control number: (OCoLC)oca00335789

040 ## - CATALOGING SOURCE

  • Original cataloging agency: DLC
  • Language of cataloging: spa
  • Description conventions: rda
  • Transcribing agency: Mx-PuUPA
  • Modifying agency: DLC
  • Modifying agency: DNLM
  • Modifying agency: Mx-PuUPA

046 ## - SPECIAL CODED DATES

  • Birth date: 19451121

100 1# - HEADING--PERSONAL NAME

  • Personal name: Christopher, Martin,
  • Dates associated with a name: 1945-

374 ## - OCCUPATION

  • Occupation: Autor

375 ## - GENDER

  • Gender: hombre

377 ## - ASSOCIATED LANGUAGE

  • Language code: eng

378 ## - FULLER FORM OF PERSONAL NAME

  • Fuller form of personal name: Martin Graham

670 ## - SOURCE DATA FOUND

  • Source citation: His Total distribution ... 1971.

670 ## - SOURCE DATA FOUND

  • Source citation: His The strategy of dist., c1984:
  • Information found: CIP t.p. (Martin Christopher) data sheet (b. 11-21-45)

670 ## - SOURCE DATA FOUND

  • Source citation: Logistics, 1992:
  • Information found: CIP t.p. (Martin Christopher; prof. of market. and logistics, Cranfield Sch. of Mgmt.) data sheet (Martin Graham Christopher)